000 00782cam a22002053a 4500
001 45778
003 PGUSA
005 20140828084049.0
008 140527s2014||||xxu|||||s|||||000 | eng d
040 _aPGUSA
_beng
042 _adc
100 1 _aScott, Walter,
_d1771-1832
245 1 0 _aMinstrelsy of the Scottish Border Volume III (of 3) :
_bConsisting of Historical and Romantic Ballads, Collected In the Southern Counties of Scotland; With a Few Of Modern Date, Founded Upon Local Tradition. In Three Volumes. Vol. III.
_h[electronic resource] /
_cWalter Scott
260 _bProject Gutenberg,
_c2014
506 _aPublic domain in the USA.
516 _aElectronic text
830 0 _aProject Gutenberg
_v45778
856 4 0 _uhttp://www.gutenberg.org/ebooks/45778
942 _cEB
999 _c275028
_d275028